000 01230cad a22002055a 4500
001 L156977
008 120803s2012 xxk f 000 0 eng d
035 _a(Sirsi) u156977
041 0 _aeng
110 2 _aOffice of Fair Trading
_91355
245 0 0 _aHome insulation
_bA report on the call of evidence carried out by the OFT
_h[electronic resource]
260 _aLondon
_OFT
_c2012
520 _aOffice of Fair Trading report makes a number of recommendations to the Government and others to improve consumer protection and encourage more competition and choice in the insulation sector. In the evidence gathering for the report the OFT received comments that some traders are not always installing the most suitable form of insulation and in response has recommended that the government should ensure that a single body has clear responsibility for longer term monitoring of the quality of installations carried out under the ECO and Green Deal initiatives.
590 _aKA NTK
651 4 _aUnited Kingdom
690 _aEnergy
_96237
690 _aSustainability
_96271
856 4 0 _uhttps://www.oft.gov.uk/shared_oft/markets-work/energy-efficiency/oft1433.pdf
_zView the item free of charge at www.oft.gov.uk
942 _n0
999 _c114525
_d114525